Piłkarscy mistrzowie Polski kilka razy z rzędu - Statystyki

Ogólne statystyki
  • Ten quiz został rozwiązany 5 839 razy
  • Średni wynik to 6 z 7
Statystyki odpowiedzi
# Lata Klub % Poprawnych
3 2016-18 Legia Warszawa
100%
2 2025-26 Lech Poznań
97%
3 2003-05 Wisła Kraków
91%
5 1963-67 Górnik Zabrze
77%
4 1933-36 Ruch Chorzów
72%
2 1996-97 Widzew Łódź
68%
4 1922-26 Pogoń Lwów
64%
Nie znaleziono quizów pasujących do podanych kryteriów
Rozkład punktacji
Procent ludzi z każdym wynikiem
Percentyl według liczby udzielonych odpowiedzi
Twoja historia wyników
Nie rozwiązałeś tego quizu